| 000 | 00787nam a2200301Ia 4500 | ||
|---|---|---|---|
| 003 | OSt | ||
| 005 | 20220912144624.0 | ||
| 006 | a|||||r|||| 00| 0 | ||
| 007 | ta | ||
| 008 | 220909b |||||||| |||| 00| 0 eng d | ||
| 020 | _aSL00859667 | ||
| 024 | _a188779 | ||
| 037 | _cTextual | ||
| 040 |
_aCSL _beng _cCSL |
||
| 041 | _aeng | ||
| 082 | _aC6, J5;K7 | ||
| 100 | _aPage Leigh; Adams Norman Ilsley | ||
| 245 | 0 | _aPrinciples of electricity | |
| 250 | _a3 | ||
| 260 |
_aNew York _bD Van Nostrand _c1967 |
||
| 300 | _axiv,533p. | ||
| 500 | _aIndex 525-533p. | ||
| 650 | _a Electricity | ||
| 650 | _aPhysics | ||
| 700 | _aPage Leigh; Adams Norman Ilsley | ||
| 942 |
_hC6, J5;K7 _cTEXL _2CC |
||
| 999 |
_c13851 _d13851 |
||